000 00570nam a22001697a 4500
005 20210820075922.0
008 210728b mx ||||| |||| 00| 0 spa d
050 0 4 _aTK3001
_bC66 1998
110 2 _aComisión Federal de Electricidad. (México)
245 1 0 _aNormas de distribución de lineas subterraneas
_c/ Comisión Federal de Electricidad.
250 _a1a ed.
260 _aMéxico :
_bCFE,
_cc1998
300 _ap.v. :
_bil. ;
_c28 cm.
650 4 _a Distribución de energía eléctrica
650 4 _aLíneas eléctricas subterráneas
942 _2lcc
_cLIB
999 _c156975
_d156973